000 00797cam a22002053a 4500
001 38974
003 PGUSA
005 20140828083848.0
008 120224s2012||||xxu|||||s|||||000 | eng d
040 _aPGUSA
_beng
042 _adc
100 1 _aDelville, Albéric
245 1 0 _aArnoldiana, ou Sophie Arnould et ses contemporaines; :
_brecueil choisi d'Anecdotes piquantes, de Réparties et de bons Mots de Mlle Arnould précédé d'une notice sur sa vie précédé d'une Notice sur sa Vie et sur l'Académie impériale de Musique.
_h[electronic resource] /
_cAlbéric Delville
260 _bProject Gutenberg,
_c2012
506 _aPublic domain in the USA.
516 _aElectronic text
830 0 _aProject Gutenberg
_v38974
856 4 0 _uhttp://www.gutenberg.org/ebooks/38974
942 _cEB
999 _c268227
_d268227